000 00297nam a22001337a 4500
008 181015b xxu||||| |||| 00| 0 eng d
020 _a9780669341317
041 _aeng
080 _213th
_a371
100 _a25
101 _aEDU
245 _aThe Heath Handbook
_cMulderig,G.P
942 _2udc
_cBK
999 _c49624
_d49624